Kernow-Cornwall - Statistics

General Stats
  • This quiz has been taken 264 times
  • The average score is 10 of 15
Answer Stats
Hint Answer % Correct
What part of the UK is Cornwall in? South west
96%
County town of Cornwall Truro
95%
Which county borders Cornwall Devon
94%
Where is England's most westerly point? Lands end
92%
Cornwall in the past is famous 3 main industries, these are; farming fishing and.....? mining
90%
What moor was the Daphne du maurier novel, Jamaica Inn set? Bodmin moor.
84%
Where is the tate gallery? St ives
82%
When Prince Charles succeeds his Mother, who will then be the Duke of Cornwall? Prince William
77%
Current Duke of Cornwall? Prince Charles
75%
Where is England's most southerly point? Lizard Point
74%
Which town was Sir Humphry Davy born? Penzance
53%
where is the school of mines? Camborne
50%
What bird appears on the Cornish coat of arms? Cornish Chough
36%
What is the motto of Cornwall? One and all
31%
What is this motto in Cornish? Onen hag all
6%
No matching quizzes found
Score Distribution
Percent of People with Each Score
Percentile by Number Answered
Your Score History
You have not taken this quiz